Catholic University of Zimbabwe Library
Online Public Access Catalogue
(OPAC)

Wise Words: (Record no. 45075)

MARC details
000 -LEADER
fixed length control field 00638nam a22002057a 4500
008 - FIXED-LENGTH DATA ELEMENTS--GENERAL INFORMATION
fixed length control field 250320b |||||||| |||| 00| 0 eng d
020 ## - INTERNATIONAL STANDARD BOOK NUMBER
International Standard Book Number 9781784976521
040 ## - CATALOGING SOURCE
Original cataloging agency CUZ
Language of cataloging eng
Transcribing agency rda
Modifying agency CUZ
Description conventions rda
050 ## - LIBRARY OF CONGRESS CALL NUMBER
Classification number BD21TRD
100 ## - MAIN ENTRY--PERSONAL NAME
Personal name Stephen Trombley
245 ## - TITLE STATEMENT
Title Wise Words:
Remainder of title The Philosophy of everyday life/
Statement of responsibility, etc. by Stephen Trombley
264 ## - PRODUCTION, PUBLICATION, DISTRIBUTION, MANUFACTURE, AND COPYRIGHT NOTICE
Place of production, publication, distribution, manufacture Clerkenwell Green
Name of producer, publisher, distributor, manufacturer Head of Zeus
Date of production, publication, distribution, manufacture, or copyright notice 2016
300 ## - PHYSICAL DESCRIPTION
Extent extent xi , 404pages
500 ## - GENERAL NOTE
General note includes of index
650 ## - SUBJECT ADDED ENTRY--TOPICAL TERM
Topical term or geographic name entry element Advice
-- Backbiting
-- Obfuscation
942 ## - ADDED ENTRY ELEMENTS (KOHA)
Koha item type OS Book
Item part 21TRO
Call number prefix BD
336 ## - CONTENT TYPE
Content type term text
Content type code txt
337 ## - MEDIA TYPE
Media type term unmediated
Media type code n
338 ## - CARRIER TYPE
Source rdacarrier
Holdings
Withdrawn status Lost status Source of classification or shelving scheme Damaged status Not for loan Home library Current library Shelving location Date acquired Source of acquisition Cost, normal purchase price Inventory number Full call number Barcode Date last seen Cost, replacement price Price effective from Koha item type Total Checkouts Date last checked out
          CUZ Harare Campus CUZ Harare Campus Open Shelf 20.03.2025 Donation Book id international 7.06 CUZ16142 BD21TRD bk0010033 20.03.2025 7.06 20.03.2025 OS Book    
          CUZ Harare Campus CUZ Harare Campus Open Shelf 20.03.2025 Donation Book id international 7.06 CUZ16143 BD21TRD bk0010017 20.03.2025 7.06 20.03.2025 OS Book    
          CUZ Harare Campus CUZ Harare Campus Open Shelf 20.02.2024 Donation Book id international 7.06 CUZ16235 BD21TRD bk010554 21.03.2025 7.06 21.03.2025 OS Book    
          CUZ Harare Campus CUZ Harare Campus Open Shelf 24.11.2023 Donation Book id international 7.06 CUZ16557 BD21TRD BK010308 07.11.2025 7.06 07.08.2025 OS Book 1 27.10.2025

OPENING HOURS

Weekdays: 0815hrs - 1800hrs
Weekends:0900hrs - 1200hrs

Closed for Mass:

Mon, Thur: 1200hrs - 1300hrs
Sunday & Public Holiday’s

CALL SUPPORT

0242-570570, 0242-570169
09200664, +263 8644140602

LOCATION

18443, Cranborne Avenue, Hatfield, Harare

Other Links


©2021 | CUZ Library